Tiempos verbales latín - Estadísticas

Estadísticas generales
  • Esta prueba ha sido intentada 32 veces
  • La puntuación promedio es 39 de 90
Estadísticas de respuestas
Tiempos verbales Respuesta % Correcto
1a persona singular (Pretérito Perfecto Simple) i
95%
1a persona singular (Presente) o
95%
2a persona singular (Presente) s
91%
3a persona singular (Presente) t
77%
3a persona singular (Pretérito Perfecto Simple) it
68%
3a persona plural (Presente) nt
68%
1a persona singular (3a y 4t conj.) (Futuro) am
64%
2a persona singular (Copulativo Presente) es
64%
2a persona singular (3a y 4t conj.) (Futuro) es
64%
1a persona plural (Presente) mus
64%
2a persona plural (Presente) tis
59%
1a persona singular (Copulativo Pretérito Imperfecto) eram
55%
1a persona singular (Pretérito Plusquamperfecto) eram
55%
1a persona plural (Copulativo Pretérito Imperfecto) eramus
55%
1a persona plural (Pretérito Plusquamperfecto) eramus
55%
2a persona singular (Copulativo Pretérito Imperfecto) eras
55%
2a persona singular (Pretérito Plusquamperfecto) eras
55%
3a persona singular (Copulativo Pretérito Imperfecto) erat
55%
3a persona singular (Pretérito Plusquamperfecto) erat
55%
3a persona singular (Copulativo Presente) est
55%
2a persona singular (Pretérito Perfecto Simple) isti
55%
2a persona plural (Pretérito Perfecto Simple) istis
55%
1a persona singular (Copulativo Presente) sum
55%
1a persona plural (Copulativo Presente) sumus
55%
3a persona plural (Copulativo Presente) sunt
55%
2a persona plural (Copulativo Pretérito Imperfecto) eratis
50%
2a persona plural (Pretérito Plusquamperfecto) eratis
50%
3a persona plural (Pretérito Perfecto Simple) erunt
50%
2a persona plural (Copulativo Presente) estis
50%
3a persona singular (3a y 4t conj.) (Futuro) et
50%
1a persona plural (Pretérito Perfecto Simple) imus
50%
3a persona plural (Copulativo Pretérito Imperfecto) erant
45%
3a persona plural (Pretérito Plusquamperfecto) erant
45%
2a persona singular (Copulativo Futuro) eris
45%
2a persona singular (Futuro Perfecto) eris
45%
3a persona plural (3a y 4t conj.) (Futuro) ent
41%
1a persona plural (Copulativo Futuro) erimus
41%
1a persona plural (Futuro Perfecto) erimus
41%
3a persona singular (Copulativo Futuro) erit
41%
3a persona singular (Futuro Perfecto) erit
41%
2a persona plural (Copulativo Futuro) eritis
41%
2a persona plural (Futuro Perfecto) eritis
41%
1a persona singular (Copulativo Futuro) ero
41%
1a persona singular (Futuro Perfecto) ero
41%
1a persona singular (Copulativo Pretérito Plusquamperfecto) fueram
41%
1a persona plural (Copulativo Pretérito Plusquamperfecto) fueramus
41%
3a persona plural (Copulativo Pretérito Plusquamperfecto) fuerant
41%
2a persona singular (Copulativo Pretérito Plusquamperfecto) fueras
41%
3a persona singular (Copulativo Pretérito Plusquamperfecto) fuerat
41%
2a persona plural (Copulativo Pretérito Plusquamperfecto) fueratis
41%
3a persona plural (Copulativo Pretérito Perfecto Simple) fuerunt
41%
1a persona singular (Copulativo Pretérito Perfecto Simple) fui
41%
1a persona plural (Copulativo Pretérito Perfecto Simple) fuimus
41%
2a persona singular (Copulativo Pretérito Perfecto Simple) fuisti
41%
2a persona plural (Copulativo Pretérito Perfecto Simple) fuistis
41%
3a persona singular (Copulativo Pretérito Perfecto Simple) fuit
41%
1a persona plural (3a y 4t conj.) (Futuro) emus
36%
2a persona plural (3a y 4t conj.) (Futuro) etis
36%
1a persona plural (Copulativo Futuro Perfecto) fuerimus
36%
2a persona singular (Copulativo Futuro Perfecto) fueris
36%
3a persona singular (Copulativo Futuro Perfecto) fuerit
36%
2a persona plural (Copulativo Futuro Perfecto) fueritis
36%
1a persona singular (1a conj.) (Pretérito Imperfecto) abam
32%
3a persona plural (1a conj.) (Pretérito Imperfecto) abant
32%
2a persona singular (1a conj.) (Pretérito Imperfecto) abas
32%
1a persona singular (2a, 3a y 4t conj.) (Pretérito Imperfecto) ebam
32%
1a persona plural (2a, 3a y 4t conj.) (Pretérito Imperfecto) ebamus
32%
3a persona plural (2a, 3a y 4t conj.) (Pretérito Imperfecto) ebant
32%
2a persona singular (2a, 3a y 4t conj.) (Pretérito Imperfecto) ebas
32%
3a persona singular (2a, 3a y 4t conj.) (Pretérito Imperfecto) ebat
32%
2a persona plural (2a, 3a y 4t conj.) (Pretérito Imperfecto) ebatis
32%
3a persona plural (Copulativo Futuro) erint
32%
3a persona plural (Futuro Perfecto) erint
32%
3a persona plural (Copulativo Futuro Perfecto) fuerint
32%
1a persona singular (Copulativo Futuro Perfecto) fuero
32%
1a persona plural (1a conj.) (Pretérito Imperfecto) abamus
27%
3a persona singular (1a conj.) (Pretérito Imperfecto) abat
27%
2a persona plural (1a conj.) (Pretérito Imperfecto) abatis
27%
1a persona singular (1a conj.) (Futuro) abo
27%
1a persona plural (2a conj.) (Futuro) ebimus
27%
2a persona singular (2a conj.) (Futuro) ebis
27%
3a persona singular (2a conj.) (Futuro) ebit
27%
2a persona plural (2a conj.) (Futuro) ebitis
27%
1a persona singular (2a conj.) (Futuro) ebo
27%
3a persona plural (2a conj.) (Futuro) ebunt
27%
1a persona plural (1a conj.) (Futuro) abimus
23%
2a persona singular (1a conj.) (Futuro) abis
23%
3a persona singular (1a conj.) (Futuro) abit
23%
2a persona plural (1a conj.) (Futuro) abitis
23%
3a persona plural (1a conj.) (Futuro) abunt
23%
No se encontraron pruebas coincidentes
Distribución de puntuación
Porcentaje de gente con cada puntuación
Porcentaje por número respondido
Historial de tus puntuaciones
No has intentado esta prueba.